The CN top 100 contractors (Record no. 84814)
[ view plain ]
| 000 -LEADER | |
|---|---|
| fixed length control field | 01139cab a22002175a 4500 |
| 001 - CONTROL NUMBER | |
| control field | L159161 |
| 008 - FIXED-LENGTH DATA ELEMENTS--GENERAL INFORMATION | |
| fixed length control field | 120920e20150908xxk 000 0 eng d |
| 035 ## - SYSTEM CONTROL NUMBER | |
| System control number | (Sirsi) u159161 |
| 041 0# - LANGUAGE CODE | |
| Language code of text/sound track or separate title | eng |
| 100 1# - MAIN ENTRY--PERSONAL NAME | |
| Personal name | Dennis, Sarah |
| 245 04 - TITLE STATEMENT | |
| Title | The CN top 100 contractors |
| Remainder of title | 2015 |
| 260 ## - PUBLICATION, DISTRIBUTION, ETC. | |
| Date of publication, distribution, etc. | 2015 |
| 490 ## - SERIES STATEMENT | |
| Series statement | Construction News |
| Volume/sequential designation | supplement 4 September 2015, 1-54(54) |
| 520 ## - SUMMARY, ETC. | |
| Summary, etc. | This Construction News supplement covers review of the year, a list of the top 100 contractors, profit margins, employment, mergers and acquisitions, regional outlook, top 20 housebuilders, top 10 specialist contractors, top 10 engineering consultants, top 10 QS consultants and project managers, top 10 housebuilders, top 10 steel specialists, top 10 scaffolding specialists, top 10 mechanical and electrical specialists, top 10 ground engineering specialists, top 10 demolition specialists, top 10 concrete specialists, top 10 building envelope specialists, sector outlook, profits, remuneration. |
| 590 ## - LOCAL NOTE (RLIN) | |
| Local note | KA |
| 650 24 - SUBJECT ADDED ENTRY--TOPICAL TERM | |
| Topical term or geographic name entry element | RANKINGS |
| 650 24 - SUBJECT ADDED ENTRY--TOPICAL TERM | |
| Topical term or geographic name entry element | LEAGUE TABLES |
| 651 #4 - SUBJECT ADDED ENTRY--GEOGRAPHIC NAME | |
| Geographic name | United Kingdom |
| Chronological subdivision | |
| 690 ## - LOCAL SUBJECT ADDED ENTRY--TOPICAL TERM (OCLC, RLIN) | |
| Topical term or geographic name as entry element | Construction management |
| 9 (RLIN) | 6230 |
| 942 ## - ADDED ENTRY ELEMENTS (KOHA) | |
| Suppress in OPAC | 0 |
| Withdrawn status | Lost status | Source of classification or shelving scheme | Damaged status | Not for loan | Home library | Current library | Shelving location | Date acquired | Total Checkouts | Full call number | Barcode | Date last seen | Copy number | Price effective from | Koha item type |
|---|---|---|---|---|---|---|---|---|---|---|---|---|---|---|---|
| Dewey Decimal Classification | London | London | Journal article | 16/02/2016 | L159161 | 159161-1001 | 06/08/2019 | 1 | 06/08/2019 | Journal article |